Men's Tennis - ATP Finals' Finals - Statistics

General Stats
  • This quiz has been taken 1,747 times
    230 since last reset
  • The average score is 29 of 48
Answer Stats
Nombre de finales jouées Finaliste % Correct
3 Jannik Sinner
99%
9 Novak Djokovic
99%
10 Roger Federer
99%
1 Carlos Alcaraz
98%
2 Rafael Nadal
97%
2 Alexander Zverev
93%
1 Andy Murray
93%
2 Daniil Medvedev
90%
4 Andre Agassi
89%
6 Pete Sampras
87%
4 John McEnroe
83%
4 Björn Borg
82%
2 Dominic Thiem
78%
1 Stéfanos Tsitsipás
78%
1 Taylor Fritz
78%
8 Boris Becker
74%
1 Juan Martín del Potro
73%
9 Ivan Lendl
72%
3 Lleyton Hewitt
72%
1 Jimmy Connors
71%
1 Casper Ruud
68%
1 Grigor Dimitrov
67%
1 David Ferrer
66%
2 Stefan Edberg
65%
1 Rod Laver
61%
1 Jo-Wilfried Tsonga
59%
2 Jim Courier
57%
1 Gustavo Kuerten
53%
1 Juan Carlos Ferrero
53%
1 Mats Wilander
53%
1 David Nalbandian
51%
1 Arthur Ashe
50%
2 Nikolay Davydenko
50%
1 David Goffin
47%
1 Michael Chang
47%
1 Carlos Moyà
45%
5 Ilie Năstase
44%
1 Yevgueni Kafelnikov
38%
1 Michael Stich
37%
1 Guillermo Vilas
36%
3 Stan Smith
36%
1 Àlex Corretja
24%
1 James Blake
24%
2 Vitas Gerulaitis
23%
1 Manuel Orantes
21%
1 Sébastien Grosjean
18%
1 Tom Okker
12%
1 Wojtek Fibak
9%
No matching quizzes found
Score Distribution
Percent of People with Each Score
Percentile by Number Answered
Your Score History
You have not taken this quiz since the last reset